Les 50 plus grands pays du monde carte quiz - Statistiques

Statistiques générales
  • Ce quiz a été pris 3 720 fois
  • Le résultat moyen est 35 sur 50
Réponses sur la Carte
Les réponses sont colorées sur une échelle allant du rouge au vert en fonction du pourcentage des utilisateurs qui les ont devinées à leur premier essai. Vous pouvez retrouver ces pourcentages ci-dessous.
 
Statistiques - réponses
Réponse % Correct
Russie
94%
Australie
90%
Canada
90%
Etats-Unis
90%
Brésil
89%
Chine
89%
Inde
87%
Algérie
85%
Argentine
85%
Mexique
85%
Arabie Saoudite
81%
Afrique du Sud
80%
Indonésie
80%
France
78%
Mongolie
78%
Égypte
77%
Chili
76%
Madagascar
76%
Kazakhstan
75%
Libye
74%
Turquie
74%
Ukraine
74%
Pérou
72%
R. D. Congo
70%
Bolivie
69%
Iran
69%
Thaïlande
69%
Venezuela
69%
Yémen
68%
Colombie
67%
Pakistan
66%
Soudan
66%
Mali
65%
Mauritanie
65%
Afghanistan
63%
Somalie
63%
Éthiopie
62%
République
Centrafricaine
61%
Tchad
60%
Niger
59%
Nigeria
59%
Soudan du Sud
58%
Angola
57%
Namibie
57%
Mozambique
56%
Kenya
55%
Birmanie
53%
Botswana
53%
Zambie
49%
Tanzanie
48%
Aucun quiz correspondant
Distribution des résultats
% des personnes avec chaque résultat
Percentile par nombre de réponses
Votre historique - résultats
Vous n’avez pas pris ce quiz